000 01351nam2a2200301 4500
001 RU\NLR\BIBL_A\022670706
005 20251210182841.0
010 _a978-5-389-28978-9
_915000
021 _aRU
_bАЛ-П-25-00749и
_9АЛ-П-25-0154
035 _a(NLR Aleph) 022670706
090 _a13469025
_c13469025
100 _a20251121d2025 u y0rusy50 ca
101 1 _arus
_cjpn
102 _aRU
105 _aa t 000ay
200 0 _a14
_f[перевод с японского Сергея Литвиненко]
210 _d2025
215 _a[184] с.
_cил.
327 1 _aСодерж.: Кн. 19: Привычная картина
333 _a18+
461 0 _1001RU\NLR\BIBL_A\012772788
_12001#$aЧеловек-бензопила$e[манга]$fТацуки Фудзимото$g[перевод с японского Галины Соловьевой]$v14
_1700#1$aФудзимото$bТ.$gТацуки$f1992-$3RU\NLR\AUTH\770243032
_913098034
_aФудзимото, Т. (1992-)
_cСанкт-Петербург
_d2021
_fТацуки Фудзимото
_nАзбука
_o[манга]
_tЧеловек-бензопила
_v14
517 1 _aПривычная картина
702 1 _aЛитвиненко
_bС.
942 _cBOOK
980 _aNB